Statistics for F1 Season: 1970 Race Winners

Click here to take the quiz!

General Stats

  • This quiz has been taken 37 times
  • The average score is 10 of 13

Answer Stats

Grand PrixDriver% Correct
MonacoJochen Rindt
100%
DutchJochen Rindt
100%
FrenchJochen Rindt
100%
BritishJochen Rindt
100%
GermanJochen Rindt
100%
SpanishJackie Stewart
93%
United StatesEmerson Fittipaldi
79%
AustrianJacky ickx
69%
CanadianJacky Ickx
69%
MexicanJacky Ickx
69%
ItalianClay Regazzoni
55%
South AfricanJack Brabham
52%
BelgianPedro Rodríguez
48%

Score Distribution

Percentile by Number Answered

Percent of People with Each Score

Your Score History

You have not taken this quiz